00758 2200241 4500001002100000005001500021035002000036007000300056008004100059020002200100082001500122084002100137100002200158245013800180250001000318260004400328300003800372650003100410700002200441700002200463856001400485990001700499INLIS00000000000153720250728101643 a0010-0725000010ta250728 0 ind  a978-623-09-5853-3 aR. 2X1.103 aR. 2X1.103 SAM e0 aSamir Abdul Halim1 aENSIKLOPEDIA SAINS DALAM AL-QUR'AN DAN HADIST JILID 3 :bMedis /cSamir Abdul Halim, Ahmad Fu'ad Basya, Zhafir al-'Athhar; [ et, ol ] acet 1 aTangerang :bKamil Pustaka Abadi,c2023 aix, 280 hlm :bIlus ;c21 x 28 cm 4aMEDIS - ENSIKLOPEDIA ISLAM0 aAhmad Fu'ad Basya0 aZhafir al-'Athhar aReferensi a202501100934